000
00260nam a22001217a 4500
008
181101b xxu||||| |||| 00| 0 eng d
041
_a
eng
080
_2
2nd
_a
540
100
_a
12
101
_a
KIM
245
_a
Atomic Energy
_c
Glasstone,S
942
_2
udc
_c
BK
999
_c
51517
_d
51517